[Event "1st Longtou Cup Belt and Road"]
[Site "Qinhuangdao"]
[Date "2018.06.01"]
[Round "6"]
[White "Liu, Guanchu"]
[Black "Wang, Shixu B"]
[Result "1-0"]
[WhiteElo "2459"]
[BlackElo "2203"]
[Annotator "TA"]
[PlyCount "99"]
[EventDate "2018.??.??"]
[EventCountry "CHN"]
[SourceTitle "playchess.com"]
[Source "ChessBase"]
[SourceQuality "1"]

{[%evp 18,99,0,-90,75,76,76,76,77,71,63,75,79,57,78,62,99,110,103,97,116,110,126,125,108,108,134,96,146,164,164,164,164,153,168,150,199,201,218,206,324,321,368,350,364,354,335,330,337,260,426,409,372,395,441,351,515,536,496,494,572,508,537,0,534,506,487,456,720,726,696,663,1116,1112,1071,1024,972,942,1410,1025,1112,1108,1162,1064]} 1. e4 c5 2. Nf3 d6 3. Nc3 Nf6 4. d4 cxd4 5. Nxd4 a6 6. Be3 e5 7. Nb3 Be6 8. h3 {B90: Sicilian Najdorf: Unusual White 6th moves, 6 Be3 Ng4 and 6 Be3 e5} (8. f3 Nbd7 9. Qd2 b5 10. g4 b4 11. Ne2 h6 12. Ng3 d5 13. Bd3 Qc7 14. Qe2 dxe4 15. Nxe4 Nd5 16. Bd2 a5 17. c4 bxc3 18. Nxc3 Nxc3 19. Bxc3 {½-½ (51) Fedoseev,V (2724)-Robson,R (2645) chess.com INT 2018}) 8... Nbd7 9. f4 Rc8 10. f5 {[#] LiveBook: 3 Games} (10. Qf3 $11) 10... Bc4 $2 (10... Rxc3 $1 $17 {[%mdl 512]} 11. bxc3 Nxe4) 11. Bxc4 $146 ({Predecessor:} 11. Qf3 b5 12. Bd3 b4 13. Nd5 Nxd5 14. exd5 Nf6 15. Bxc4 Rxc4 {0-1 (66) Panis,R (2055)-Svana,P (2195) Topolcany 2017}) 11... Rxc4 12. Qd3 Rc8 13. O-O-O Be7 14. g4 h6 15. Rhg1 b5 $1 16. a3 Qc7 17. h4 $36 {[%cal Bh3h4,Bh4g5][%mdl 2080] White is on the roll.} Qc4 18. g5 hxg5 19. hxg5 {Strongly threatening Qxc4.} Qxd3 20. Rxd3 Ng8 21. Kb1 Rh3 22. Rgd1 Rc4 23. Na5 Nc5 {[#]} 24. Bxc5 $1 ({Don't play} 24. Nxc4 $6 bxc4 25. Bxc5 cxd3 $16) 24... Rxd3 25. cxd3 Rxc5 {[#]} 26. Rg1 $1 Rc8 27. Nd5 Kf8 28. Ka2 f6 (28... Bd8 $142) 29. g6 $18 Nh6 30. Kb3 Ke8 31. a4 Rc5 32. Rf1 Kd7 33. Nb4 bxa4+ $2 (33... d5 34. Nxd5 Bf8) 34. Kxa4 Rb5 35. b3 {[%cal Bb2b3,Bb3b4][%mdl 32]} Ng4 {intending ...d5.} 36. Nd5 Bd8 (36... Rxd5 $142 37. exd5 Ne3) 37. Nc4 Nh6 38. b4 Kc6 39. Nce3 Rb7 40. Nc4 Rb5 $1 41. Kb3 {White is clearly winning.} Kd7 42. Rf2 Rb8 (42... Kc6 $142 43. Rc2 Kd7) 43. Ra2 a5 44. Nxa5 Ng8 45. Nc4 Rb7 46. Ra6 Ne7 47. Rxd6+ Ke8 48. Ra6 {aiming for Nd6+.} Kd7 49. Nxe7 Kxe7 50. Ne3 {Precision: White = 78%, Black = 54%.} 1-0

[Event "1st Longtou Cup Belt and Road"]
[Site "Qinhuangdao"]
[Date "2018.06.01"]
[Round "6"]
[White "Dai, Changren"]
[Black "Wang, Hao"]
[Result "0-1"]
[WhiteElo "2436"]
[BlackElo "2710"]
[Annotator "TA"]
[PlyCount "76"]
[EventDate "2018.??.??"]
[EventCountry "CHN"]
[SourceTitle "playchess.com"]
[Source "ChessBase"]
[SourceQuality "1"]

{[%evp 13,76,43,34,16,20,9,12,20,16,23,39,6,0,-13,-14,-14,-17,-30,-15,-16,-20,-23,-12,-14,-5,-12,-12,-28,0,-6,0,-3,0,-37,-4,-23,-20,-91,-82,-75,-76,-83,-109,-85,-78,-78,-89,-86,-9,-15,-9,-13,-18,-129,-122,-128,-122,-227,-216,-12836,-12836,-12837,-12837,-12833,-12836]} 1. e4 e5 2. Nf3 Nc6 3. Bb5 g6 4. c3 a6 5. Ba4 d6 6. d4 Bd7 7. Bg5 Be7 8. Bxe7 {C76: Ruy Lopez: Deferred Steinitz: 5 c3 Bd7 6 d4 g6} (8. Be3 Nf6 9. Bc2 O-O 10. O-O exd4 11. cxd4 Nb4 12. Nc3 Nxc2 13. Qxc2 c6 14. Bh6 Re8 15. h3 d5 {½-½ (68) Sutovsky,E (2683)-Stevic,H (2616) Heraklio 2017}) 8... Qxe7 9. O-O Nf6 10. Nbd2 {The position is equal.} O-O 11. Re1 Rae8 12. dxe5 $146 ({Predecessor:} 12. Rc1 Nh5 13. Bxc6 Bxc6 14. Qb3 b6 15. Qa3 a5 16. dxe5 dxe5 17. Qxe7 Rxe7 {½-½ (68) Vedmediuc,S (2460)-Aryan,C (2529) Baile Govora 2017}) 12... Nxe5 13. Bxd7 Qxd7 14. Nxe5 Rxe5 15. Qf3 Re6 16. Re3 Rfe8 17. b3 {[%cal Bb2b3,Bb3b4][%mdl 32]} Qb5 18. h3 Qc5 19. b4 Qg5 20. Rae1 h5 21. Qe2 Qb5 22. Qd1 Qc6 {[%cal Rf6e4]} 23. Qf3 {Black should prevent Nb3.} Kg7 24. a3 Qa4 25. e5 (25. c4 $11 {remains equal.}) 25... Rxe5 $17 26. Rxe5 Rxe5 27. Rxe5 dxe5 28. Qxb7 Qd1+ ({Much worse is} 28... Qxa3 $6 29. Qxc7 Qb2 30. Nf1 $11) 29. Nf1 Nd5 30. g3 {[#]} Nxc3 ({Black should play} 30... Qd3 $1 $17 31. h4 Qb5) 31. Qxc7 $11 Ne2+ 32. Kg2 Qd5+ 33. f3 (33. Kh2 $11) 33... Nd4 $36 {[%mdl 2048] Black is on the roll.} 34. Qc3 Qb5 {Hoping for ...Qe2+.} 35. Qd2 {[#]} (35. Qe1 $17) 35... Nxf3 $1 $19 {[%mdl 512]} 36. Kxf3 $2 (36. Qe3 Nd4 37. Nd2) 36... Qxf1+ {Black is clearly winning.} 37. Ke4 Qf5+ 38. Ke3 Qxh3 {Precision: White = 48%, Black = 56%.} 0-1

[Event "1st Longtou Cup Belt and Road"]
[Site "Qinhuangdao"]
[Date "2018.06.01"]
[Round "6"]
[White "Chen, Qi b"]
[Black "Mohr, Georg"]
[Result "1/2-1/2"]
[WhiteElo "2432"]
[BlackElo "2469"]
[Annotator "TA"]
[PlyCount "60"]
[EventDate "2018.??.??"]
[EventCountry "CHN"]
[SourceTitle "playchess.com"]
[Source "ChessBase"]
[SourceQuality "1"]

{[%evp 29,60,21,35,37,55,55,47,55,109,0,0,0,0,0,0,0,0,0,0,0,0,0,0,0,0,0,0,0,0,0,0,0,0]} 1. e4 e6 2. d4 d5 3. Nc3 Nf6 4. e5 Nfd7 5. f4 c5 6. Nf3 Nc6 7. Be3 cxd4 8. Nxd4 Qb6 9. Qd2 Qxb2 10. Rb1 Qa3 11. Bb5 Nxd4 {C11: Französische Verteidigung} 12. Bxd4 a6 13. Bxd7+ (13. Rb3 Qe7 14. Ba4 Qd8 15. Bb6 Qh4+ 16. g3 Qg4 17. O-O Be7 18. f5 O-O 19. Rf4 {0-1 (68) Topalov,V (2749)-Grischuk,A (2761) Paris 2017}) 13... Bxd7 14. Rb3 Qe7 15. Rxb7 Rc8 {LiveBook: 38 Partien} 16. O-O Qa3 17. Rfb1 Bc5 18. Ne2 Bb5 ({Lieber} 18... Bxd4+ $14 19. Nxd4 Rc4) 19. Bxc5 $146 (19. Rb3 $16 Bxd4+ 20. Nxd4 (20. Qxd4 Qa5 $11)) ({Vorgänger:} 19. Rb3 Bxd4+ 20. Nxd4 {½-½ (51) Ahn,M (2221)-Braun,C (2422) Belgium 2016}) 19... Qxc5+ $11 {Die Stellung ist ausgeglichen.} 20. Nd4 O-O 21. Qb4 Qc3 22. Kf2 g6 23. Qxc3 Rxc3 24. Rb3 Rfc8 25. Rxc3 Rxc3 {KTL-KTS} 26. Rb8+ Kg7 27. Rb7 {[#] Schwarz muss nun Sxe6+ beachten.} Kf8 28. Rb8+ Kg7 29. Rb7 {Und weiter mit Sxe6+ wäre nett.} Kf8 30. Rb8+ Kg7 {Precision: Weiß = 81%, Schwarz = 75%.} 1/2-1/2

[Event "1st Longtou Cup Belt and Road"]
[Site "Qinhuangdao"]
[Date "2018.06.01"]
[Round "6"]
[White "Zou, Chen"]
[Black "Liu, Yan"]
[Result "1/2-1/2"]
[WhiteElo "2361"]
[BlackElo "2474"]
[Annotator "TA"]
[PlyCount "114"]
[EventDate "2018.??.??"]
[EventCountry "CHN"]
[SourceTitle "playchess.com"]
[Source "ChessBase"]
[SourceQuality "1"]

{[%evp 26,114,22,14,27,7,19,0,0,0,34,24,49,43,46,37,29,0,62,0,14,10,14,10,10,16,30,24,23,20,11,25,14,19,58,58,56,8,82,52,72,0,13,31,34,6,0,10,12,0,0,0,5,7,27,0,41,39,74,0,58,60,67,0,0,0,0,0,0,0,0,0,0,0,0,0,0,0,0,0,0,0,0,0,0,0,0,0,0,0,0]} 1. e4 c5 2. Nf3 d6 3. d4 cxd4 4. Nxd4 Nf6 5. Nc3 a6 6. f3 e5 7. Nb3 Be6 8. Be3 h5 9. Qd2 Nbd7 10. Nd5 {B90: Sicilian Najdorf: Unusual White 6th moves, 6 Be3 Ng4 and 6 Be3 e5} (10. O-O-O b5 11. Kb1 Be7 12. h4 O-O 13. Bg5 Rc8 14. a3 Qc7 15. g4 hxg4 16. fxg4 Nb6 17. Bxf6 Bxf6 18. g5 {½-½ (70) Yu,Y (2751)-Vachier Lagrave,M (2789) Riadh 2017}) 10... Bxd5 11. exd5 g6 12. Be2 Bg7 13. O-O b6 14. c4 {LiveBook: 22 Games} O-O 15. Rae1 Re8 16. Bg5 Qc7 17. Kh1 $146 a5 18. Na1 e4 19. Nb3 exf3 20. gxf3 Nh7 {[#] Threatens to win with ...a4.} 21. Bh4 Nc5 (21... a4 $1 $11 22. Nd4 Rxe2 23. Nxe2 (23. Rxe2 Qxc4 24. Rd1 Nc5 $11) 23... Qxc4) 22. Nxc5 (22. Nd4 $14) 22... Qxc5 23. b3 Qd4 24. Qxd4 Bxd4 25. Bd3 Nf6 26. Rd1 {White wants to play Bxg6!} Bc3 27. Rc1 $36 {[%mdl 2048] Black is under pressure.} Be5 28. f4 Bd4 29. f5 Kg7 30. fxg6 fxg6 31. Rcd1 {Strongly threatening Bxg6!} Bc3 (31... Ng4 $1 $11) 32. Rf3 {Rg1 is the strong threat.} Ng4 33. Bxg6 (33. Rdf1 $16) 33... Kxg6 34. Rxc3 {Hoping for h3.} Re2 35. h3 (35. Kg1 {looks sharper.} Rxh2 36. Be7 Rxa2 37. Bxd6 Ra7 38. Re1) 35... Nf2+ $1 36. Bxf2 $1 Rxf2 $11 {[%mdl 4096] Endgame KRR-KRR} 37. Rg1+ (37. Rg3+ {seems wilder.} Kf5 38. Rg2 Rf3 39. Rg7 Rxh3+ 40. Kg2) 37... Kf5 38. Rg2 Rxg2 39. Kxg2 {KR-KR} Ke4 40. Rg3 {And now Rg6 would win.} Kd4 41. Rg6 Kc5 {[#]} 42. Kg3 ({White should play} 42. Kf3 $1 $16) 42... Re8 ({Better is} 42... a4 $11) 43. Re6 $1 $14 {[%cal Re6e8]} Rg8+ 44. Kf2 (44. Kh4 $1 $14) 44... a4 $11 {The position is equal.} 45. Re7 axb3 46. axb3 Kb4 47. Rb7 Kxb3 48. Rxb6+ Kxc4 49. Rxd6 Rg5 50. Rd8 (50. Ke3 {keeps more tension.} Rxd5 51. Rc6+ Rc5 52. Rd6 Rd5) 50... Rxd5 51. Rh8 Rf5+ 52. Kg3 Kd5 53. Kh4 Ke6 54. Rxh5 Rxh5+ 55. Kxh5 {Kg6 would kill now.} Kf7 56. Kh6 Kg8 57. Kg6 Kh8 {Precision: White = 50%, Black = 61%.} 1/2-1/2

[Event "1st Longtou Cup Belt and Road"]
[Site "Qinhuangdao"]
[Date "2018.06.01"]
[Round "6"]
[White "Ren, Xiaoyi"]
[Black "Lei, Tingjie"]
[Result "1/2-1/2"]
[WhiteElo "2282"]
[BlackElo "2537"]
[Annotator "TA"]
[PlyCount "109"]
[EventDate "2018.??.??"]
[EventCountry "CHN"]
[SourceTitle "playchess.com"]
[Source "ChessBase"]
[SourceQuality "1"]

{[%evp 11,109,-14,0,0,0,0,8,10,27,18,29,20,26,20,32,31,43,33,83,22,58,0,14,-19,0,-11,116,107,97,81,110,106,95,86,107,0,0,0,0,0,0,0,0,-147,-123,-91,-8,-8,-8,-8,-8,-19,-14,-8,0,0,0,-93,20,22,22,22,22,19,26,26,27,27,27,27,30,27,27,27,27,27,27,27,43,27,27,27,27,27,27,13,13,13,13,0,13,0,13,0,13,0,13,0,17,0]} 1. d4 Nf6 2. c4 e6 3. Bg5 h6 4. Bxf6 Qxf6 5. Nc3 Bb4 6. Rc1 c5 {LiveBook: 3 Games. E30: Nimzo-Indian: Leningrad Variation} 7. e3 cxd4 (7... b6 8. Nf3 Bb7 9. Be2 O-O 10. O-O Bxc3 11. Rxc3 d6 12. Qb1 a5 13. Rd1 Rd8 14. e4 Nd7 15. Re3 Qe7 16. d5 exd5 17. cxd5 Ne5 18. Nxe5 Qxe5 {½-½ (51) Kortschnoj,V (2558)-Klauser,M (2370) Flims 2012}) 8. exd4 b6 $146 ({Predecessor:} 8... O-O 9. Nf3 Nc6 10. a3 Bxc3+ 11. Rxc3 d6 12. Be2 e5 13. d5 Ne7 14. O-O {½-½ (23) Obukhov,G (1920)-Pilgram,K (1880) LSS email 2013}) 9. Be2 Bb7 10. Bf3 Nc6 11. Nge2 O-O 12. O-O Qd8 13. a3 Be7 14. b4 d6 15. Re1 (15. Be4 $16) 15... Rc8 16. Nb5 (16. Be4 $14) 16... Qd7 17. h3 Rfd8 18. Ng3 a5 (18... Bg5 $11 19. Rc2 Ba6) 19. d5 $16 {And now dxe6 would win.} Ne5 20. dxe6 Nxf3+ 21. Qxf3 fxe6 {[#]} 22. Qg4 $1 {aiming for Nh5.} Bf8 ({Don't blunder} 22... Bg5 $2 23. f4 $18) 23. Rxe6 ({Better is} 23. Nh5 $16 {Hoping for Nf6+.} Kh8 24. Nf4 (24. Qxe6 Qxe6 25. Rxe6 Bd5 $15) (24. Rxe6 Bc6 $16)) 23... Bd5 $1 $11 {[%cal Rd5e6]} 24. Rg6 {Threatens to win with Nf5.} Bf7 25. Nf5 Bxg6 26. Qxg6 Kh8 {...axb4 is the strong threat.} 27. Rd1 (27. Re1 $1 $11 {remains equal.}) 27... Rxc4 $17 28. Nbxd6 Rc6 (28... Bxd6 $17 29. Rxd6 Rc1+ 30. Kh2 Qc7 31. Qxg7+ Qxg7 32. Rxd8+ {[#]} Qg8 $1 {[%mdl 512]} 33. Rxg8+ Kxg8 34. Ne7+ Kf7) 29. Nf7+ $11 {[#]} Qxf7 $1 {[%mdl 512]} 30. Qxf7 Rxd1+ 31. Kh2 Rf6 32. Qb3 $132 {[%mdl 2048] White puts up resistance} Rd2 33. Qe3 Rd8 34. Ne7 (34. Qe4 $11 {keeps the balance.}) 34... Rd7 (34... axb4 $17 35. axb4 Rdd6) 35. Ng6+ Rxg6 36. Qe8 Rdd6 {White must now prevent ...Rgf6.} 37. Qxf8+ {[%mdl 4096] Endgame KQ-KRR} Kh7 {Strongly threatening ...Rdf6.} 38. Qf5 Rdf6 39. Qc2 axb4 40. axb4 Kg8 41. Qc4+ Rf7 42. f3 Rgf6 43. Qd5 Kh7 44. Kg3 Re7 45. Qd3+ g6 46. Qd8 Ref7 47. b5 Re6 48. h4 h5 {The position is equal.} 49. Kh3 Ref6 50. Kg3 Kg7 51. Kh3 Re6 52. Kg3 Rfe7 53. Kh3 Kf7 54. Kg3 Rf6 55. Kh3 {Precision: White = 48%, Black = 33%.} 1/2-1/2

[Event "1st Longtou Cup Belt and Road"]
[Site "Qinhuangdao"]
[Date "2018.06.01"]
[Round "6"]
[White "Huang, Renjie"]
[Black "Li, Di"]
[Result "0-1"]
[WhiteElo "2280"]
[BlackElo "2452"]
[Annotator "TA"]
[PlyCount "92"]
[EventDate "2018.??.??"]
[EventCountry "CHN"]
[SourceTitle "playchess.com"]
[Source "ChessBase"]
[SourceQuality "1"]

{[%evp 20,92,0,-7,-7,-23,-20,-30,0,-12,17,-41,-39,-41,-43,-79,-68,-75,-79,-73,-78,-79,-65,-168,-161,-125,-16,-40,16,21,9,-38,-39,-26,-20,-26,-27,-27,-9,-13,0,-68,-44,-61,-6,-80,-85,-227,-232,-280,-279,-327,-243,-249,-247,-259,-261,-457,-404,-498,-490,-480,-468,-498,-489,-594,-593,-799,-806,-750,-720,-680,-649,-1379,-845]} 1. e4 c5 2. Nf3 Nc6 3. d4 cxd4 4. Nxd4 g6 5. Nc3 Bg7 6. Be3 Nf6 7. Bc4 O-O 8. Bb3 d5 9. exd5 {B35: Sicilian: Accelerated Dragon with 5 Nc3: main line} Na5 10. h3 Nxb3 11. Nxb3 {LiveBook: 3 Games. The position is equal.} b5 {[%cal Bb7b5,Bb5b4][%mdl 32]} 12. d6 $146 ({Predecessor:} 12. Nxb5 Nxd5 13. Bd4 Bh6 14. O-O Bb7 15. c4 Nf4 16. Be3 Qb8 17. Bxf4 Qxf4 {1-0 (41) Solodovnichenko,Y (2576)-Li,C (2722) Chartres 2017}) 12... b4 13. Ne2 Bb7 14. O-O {With the idea dxe7.} Nd5 15. Bd4 (15. dxe7 $1 $11 Nxe7 16. Bd4) 15... e5 16. Bc5 $1 Qg5 $36 {[%mdl 2048] Black has the initiative.} 17. Qd2 Qxd2 $1 18. Nxd2 Rfc8 $1 {[%cal Rc8c5]} 19. Nb3 {[#]} a5 $1 {[%mdl 1024] Black has strong compensation.} 20. a4 Nf6 21. Rfd1 (21. Rac1 $15) 21... Nd7 $19 22. Be3 Be4 (22... Rxc2 $17 23. Rd2 Rxd2 24. Nxd2 f5) 23. Rd2 $1 $11 Bxc2 (23... f5 $15 24. f3 f4) 24. Nc5 $1 {[%cal Rc5d7]} Bf5 25. Rc1 (25. Nxd7 {is more complex.} Bxd7 26. Nc1 f5 27. Nb3 Rc6 28. f3) 25... Nxc5 26. Rxc5 Rxc5 27. Bxc5 Bd7 28. Bb6 f5 29. Rd5 Ra6 30. Bc7 (30. Bxa5 $11 Kf7 31. b3) 30... Kf7 {Threatens to win with ...Rc6.} 31. b3 Ke6 (31... Rc6 $1 $15 32. Rd1 Rc2) 32. Rxa5 (32. Rc5 $1 $11 {remains equal.}) 32... Rc6 $17 {White must now prevent ...Rc2.} 33. Ra7 (33. Kf1 $17) 33... Rc2 $19 34. Ng3 e4 {And now ...Bd4 would win.} 35. Rb7 Bd4 36. Bb6 {[#]} Be5 $1 37. Nf1 f4 ({Less strong is} 37... Kxd6 38. Ba5 $15) 38. a5 $2 (38. Ba5 e3 39. fxe3 Bxd6 40. Rxb4 Bxb4 41. Bxb4) 38... e3 39. Nxe3 fxe3 {Black is clearly winning.} 40. Bxe3 Ra2 {( -> ...Ra1+)} 41. f4 Bxd6 42. Ra7 Bc6 43. g4 Re2 44. Ra6 Rxe3 45. Rxc6 Kd5 46. Rb6 Rxb3 {Precision: White = 32%, Black = 60%.} 0-1

[Event "1st Longtou Cup Belt and Road"]
[Site "Qinhuangdao"]
[Date "2018.06.02"]
[Round "7"]
[White "Wang, Hao"]
[Black "Idani, Pouya"]
[Result "1-0"]
[WhiteElo "2710"]
[BlackElo "2572"]
[Annotator "TA"]
[PlyCount "113"]
[EventDate "2018.??.??"]
[EventCountry "CHN"]
[SourceTitle "playchess.com"]
[Source "ChessBase"]
[SourceQuality "1"]

{[%evp 17,113,22,29,29,34,32,28,33,41,33,32,29,32,33,37,29,24,26,63,63,56,54,62,35,35,35,35,35,35,35,35,35,33,40,26,25,40,47,40,0,45,0,0,0,16,0,0,0,14,0,83,70,136,132,125,122,143,88,129,132,101,98,98,87,86,89,81,82,81,82,82,81,95,105,104,89,93,85,85,84,84,84,85,78,79,79,79,79,97,86,94,86,104,104,250,250,247,233]} 1. d4 d5 2. Nf3 Nf6 3. c4 e6 4. Nc3 a6 5. cxd5 exd5 6. Bg5 {D37: Queen's Gambit Declined: 5 Bf4} Be6 7. e3 Nbd7 8. Bd3 Bd6 9. Qc2 (9. Bf4 Qe7 10. O-O O-O 11. h3 Rfe8 12. Qc2 {½-½ (12) Aronian,L (2805)-Carlsen,M (2837) Riadh 2017}) 9... c6 {LiveBook: 9 Games} 10. Bf4 Qc7 11. Bxd6 Qxd6 12. h3 h6 13. a3 O-O 14. O-O {[#]} a5 $146 ({Predecessor:} 14... Rfe8 15. Rfe1 Re7 16. b4 {½-½ (16) Flumbort,A (2435)-Erdos,V (2622) Hungary 2018}) 15. Nd2 Rfe8 16. Rae1 b5 17. Rc1 Nb6 18. a4 b4 19. Ne2 Rec8 20. Nb3 Nxa4 21. Ra1 c5 22. Rxa4 c4 23. Rfa1 Qb6 24. Nc5 {Hoping for Bf5.} cxd3 25. Qxd3 Bd7 26. Nxd7 Nxd7 27. Nf4 Nf6 28. Qd1 Qb5 29. Nd3 Nd7 $1 30. b3 Rc3 31. Nf4 Nf6 32. Ne2 Rc6 33. Nf4 Ne4 (33... Rc3 $11 {remains equal.}) 34. Qd3 $36 {[%mdl 2048] Black is under pressure.} Rb6 (34... Qb7 $1 $14) 35. Qxb5 Rxb5 36. Nd3 $1 Nd2 {[#]} 37. Rxb4 $1 {[%mdl 512]} Nxb3 (37... axb4 38. Rxa8+) 38. Rxb5 Nxa1 {[%mdl 4096] Endgame KRN-KRN} 39. Rb2 {Strongly threatening Nc5.} a4 40. Nc5 {aiming for Ra2.} Nb3 {[#]} 41. Nxa4 $1 {[%mdl 512] Threatens to win with Nb6.} Nxd4 (41... Rxa4 42. Rxb3) 42. Nb6 Ra1+ 43. Kh2 Ne6 44. Nxd5 Rd1 45. Ne7+ Kh7 46. Nc6 Rd6 47. Ne5 f6 48. Nc4 Rc6 49. Nd2 h5 50. g3 Ng5 51. Kg2 Nf7 52. Nf3 Rc7 53. Rb5 g6 54. Rb6 Kg7 55. Nd4 Re7 (55... Rd7 $16 {might work better.} 56. Rc6 f5) 56. Ne6+ $18 Kh7 {[#]} 57. Nf4 $1 {Precision: White = 64%, Black = 54%.} 1-0

[Event "1st Longtou Cup Belt and Road"]
[Site "Qinhuangdao"]
[Date "2018.06.02"]
[Round "7"]
[White "Antipov, Mikhail Al."]
[Black "Gordievsky, Dmitry"]
[Result "1/2-1/2"]
[WhiteElo "2597"]
[BlackElo "2653"]
[Annotator "TA"]
[PlyCount "165"]
[EventDate "2018.??.??"]
[EventCountry "CHN"]
[SourceTitle "playchess.com"]
[Source "ChessBase"]
[SourceQuality "1"]

{[%evp 16,165,0,0,0,0,-6,-13,-9,-42,-35,-59,-60,-66,-72,-66,-60,-72,-57,-65,-65,-78,7,18,14,21,23,14,9,0,0,0,0,-81,-70,-74,-53,-72,-37,-50,-67,-61,-64,-69,-24,-19,-21,-23,16,18,483,66,72,71,87,99,99,99,95,97,95,105,96,98,88,93,88,88,120,112,125,114,84,95,86,0,57,55,55,47,47,44,48,0,27,0,51,60,78,47,183,165,181,181,174,180,168,170,175,168,149,146,111,110,185,185,185,185,185,185,185,0,125,121,121,121,114,121,112,8,8,0,0,0,0,0,0,0,0,0,0,0,0,0,0,0,0,0,0,0,0,0,8,8,58,12,58,0,0,0,0,0]} 1. e4 {[%cal Be2e4,Be4e5][%mdl 32]} c5 2. Nf3 e6 3. b3 a6 4. c4 Nc6 5. Bb2 Nf6 6. e5 {B40: Sizilianisch (Klassisches System mit e7-e6)} Ng4 7. h3 Nh6 8. Bd3 (8. g4 d6 9. Bg2 dxe5 10. Nxe5 Nxe5 11. Bxe5 f6 12. Bb2 Nf7 13. d4 cxd4 14. Qxd4 {0-1 (32) Onischuk,V (2637)-Svidler,P (2765) Riadh 2017}) 8... d6 9. exd6 {LiveBook: 8 Partien} Nb4 $146 ({Vorgänger:} 9... Qxd6 10. Be4 Nf5 11. O-O Bd7 12. b4 Nxb4 13. Be5 {1-0 (32) Lastin,A (2504)-Potkin,V (2648) Dombai 2013}) 10. Be2 Bxd6 11. O-O Nf5 12. Re1 O-O 13. a3 Nc6 14. Bd3 {[#]} Bh2+ $1 {[%mdl 512]} 15. Kxh2 {Lxf5 ist eine echte Drohung.} (15. Nxh2 Qxd3) 15... Qxd3 16. Nc3 f6 17. Kg1 b6 18. Rc1 {Die Idee ist Sd5.} a5 (18... Na5 $17 19. Ne4 Bb7) 19. Nd5 $1 $11 exd5 20. Rc3 {[#]} Ne3 $1 {[%mdl 512]} 21. Rxe3 (21. Rxd3 $2 {ist das falsche Schlagen.} Nxd1 22. Rxd1 d4 $19) (21. dxe3 Qxd1) 21... Qf5 22. cxd5 Qxd5 23. Rcd3 Qf7 $1 24. Rd6 (24. Nh4 $11 {hält das Gleichgewicht.}) 24... Qc7 $17 25. Rd5 Ne7 26. Rh5 Nf5 27. Qc2 g6 28. Rxf5 $1 Bxf5 29. Qc3 $1 Rad8 30. g4 $1 {[%cal Rg4f5]} Bc8 31. g5 $1 {[%cal Rg5f6]} Rd6 32. gxf6 {Weiss droht f7+! und Matt.} Rdxf6 $2 {[%mdl 8192]} (32... Qf7 $1 $11) 33. Re8 $2 ({Der einzige Zug:} 33. Ng5 $1 $18) 33... Rxe8 $14 34. Qxf6 Qe7 35. Qh8+ Kf7 36. Qxh7+ Ke6 37. Qxg6+ Kd7 38. Ne5+ Kc7 39. Qc6+ Kb8 {Weiss muss nun ...Dg5+ beachten.} 40. Qxb6+ Ka8 {Weiss sollte ...Dg5+ verhindern.} 41. Qxa5+ Kb7 42. Qb5+ Kc7 43. Qc6+ Kb8 44. Qb6+ Ka8 {Schwarz will ...Dg5+ spielen.} 45. Qa5+ Kb7 $1 46. Kh2 Qe6 $1 {[%cal Re6h3]} 47. Qb5+ Ka8 48. Qa4+ Kb8 49. Qb5+ Ka8 50. Qa4+ Kb8 $1 51. Qg4 Qxb3 52. Qg3 Qxg3+ (52... Be6 $14) 53. fxg3 {[%mdl 4096] Endspiel KTL-KLS} Rf8 54. Bc3 Rf2+ 55. Kg1 Re2 56. h4 $1 {[%cal Bh3h4,Bh4h5][%mdl 32]} Kc7 57. h5 $1 Bb7 58. g4 Rg2+ 59. Kf1 Rh2 (59... Kd6 $16 {war angesagt.}) 60. a4 $18 Kd6 61. a5 Ke6 62. Nd3 $1 {[%cal Rd3c5]} Bf3 {[#]} 63. Ne5 ({Lieber nicht} 63. Nxc5+ Kd6 $11) ({Weiss kommt nicht vorbei an} 63. Nf2 $1 $18) 63... Bb7 $16 64. Ke1 Ba6 65. Nf3 Re2+ 66. Kd1 Rg2 {[#]} 67. Ng5+ (67. Ne5 $1 $16) 67... Kd5 $11 68. h6 Bd3 {[%cal Rg2g1]} 69. Kc1 {Droht stark h7.} Rh2 $1 70. Nf7 Bg6 71. a6 Rh1+ 72. Kb2 Rb1+ ({Falsch wäre} 72... Bxf7 $2 73. a7 $18) 73. Ka2 Rb6 74. a7 Ra6+ 75. Kb2 {Und Se5 würde nun gewinnen.} Rxa7 76. Ne5 Rb7+ 77. Ka3 Ra7+ 78. Kb3 Bh7 79. g5 {zielt auf g6 ab.} Ra6 80. Nd7 {Droht Sf6+ und aus.} Bd3 81. Nf6+ ({Lieber} 81. Bg7 $14) 81... Ke6 82. h7 Rb6+ 83. Ka3 {Precision: Weiß = 63%, Schwarz = 70%.} 1/2-1/2